000 00301nam a22001337a 4500
008 181206b xxu||||| |||| 00| 0 eng d
020 _a9780306452406
041 _aeng
080 _a610
100 _a4
101 _ashm
245 _aTextbook Of Health Care Ethics
_c ErichH.l
942 _2udc
_cBK
999 _c52949
_d52949